Die Residentur : Thriller /

Hlavní autor: Procházková, Iva, 1953-
Další autoři: Kraetsch, Mirko, 1971-
Jazyk: Němčina
Vydáno: Wien : Braumüller, 2020
Vydání: 1. Auflage
Témata:
Fyzický popis: 573 stran ; 22 cm
Knihy
Uloženo v:
LEADER 01379nam a2200397 i 4500
001 001779975
003 CZ BrMZK
005 20210622102540.0
007 ta
008 201214s2020 au g 000 f ger
020 |a 978-3-99200-273-3  |q (vázáno) 
035 |a (OCoLC)1199068102 
040 |a BOA001  |b cze  |e rda 
041 1 |a ger  |h cze 
072 7 |a 821.162.3-3  |x Česká próza  |2 Konspekt  |9 25 
080 |a 821.162.3-31  |2 MRF 
080 |a (0:82-311.6)  |2 MRF 
080 |a (0:82-312.4)  |2 MRF 
100 1 |a Procházková, Iva,  |d 1953-  |7 jn19990209690  |4 aut 
240 1 0 |a Nekompromisně.  |l Německy  |7 aun20211099992 
245 1 4 |a Die Residentur :  |b Thriller /  |c Iva Procházková ; aus dem Tschechischen von Mirko Kraetsch 
250 |a 1. Auflage 
264 1 |a Wien :  |b Braumüller,  |c 2020 
300 |a 573 stran ;  |c 22 cm 
336 |a text  |b txt  |2 rdacontent 
337 |a bez média  |b n  |2 rdamedia 
338 |a svazek  |b nc  |2 rdacarrier 
655 7 |a české romány  |7 fd133974  |2 czenas 
655 7 |a politické romány  |7 fd133064  |2 czenas 
655 7 |a detektivní romány  |7 fd132010  |2 czenas 
655 7 |a thrillery (romány)  |7 fd184206  |2 czenas 
700 1 |a Kraetsch, Mirko,  |d 1971-  |7 jo2013768728  |4 trl 
910 |a BOA001  |b 2-1456.688 
990 |a BK 
991 |b 202106  |c NOV 
996 7 |b 2610848469  |c 2-1456.688  |l MZK  |r Sklad / do 1 hodiny  |n 0  |p dar  |w 001838051  |u 000010  |a 1  |e BOA001  |j MZK50  |s A